000 00357 a2200157 4500
001 73928
020 _a8574796204
040 _cAnchieta - Colégio São Paulo
100 _aSabato, Ernesto
240 1 0 _aSobre heróis e tumbas
_lpor
245 1 0 _aSobre heróis e tumbas
300 _a623
362 0 _a2003
650 4 _aFicção espanhola
942 _cBK
999 _c73928
_d73928